<?xml version="1.0" encoding="UTF-8"?>
<marc:record xmlns:marc="http://www.loc.gov/MARC21/slim">
   <marc:leader>00000nam a2200000 a 4500</marc:leader>
   <marc:datafield ind1=" " ind2=" " tag="653">
      <marc:subfield code="a">Kloster</marc:subfield>
   </marc:datafield>
   <marc:datafield ind1=" " ind2=" " tag="653">
      <marc:subfield code="a">Österreich</marc:subfield>
   </marc:datafield>
   <marc:datafield ind1="0" ind2="0" tag="245">
      <marc:subfield code="a">Die schönsten Klöster Österreichs</marc:subfield>
   </marc:datafield>
   <marc:datafield ind1="0" ind2="0" tag="245">
      <marc:subfield code="c">Gerfried Sitar [Text]. Gerhard Trumler [Ill.]</marc:subfield>
   </marc:datafield>
   <marc:datafield ind1=" " ind2="1" tag="264">
      <marc:subfield code="a">Köln</marc:subfield>
      <marc:subfield code="b">Styria</marc:subfield>
      <marc:subfield code="c">2005</marc:subfield>
   </marc:datafield>
   <marc:datafield ind1="1" ind2=" " tag="520">
      <marc:subfield code="a">Prächtiger Text-Bildband über 26 österreichische Klöster. (PR)      Schwierig muss es für die Autoren Gerfried Sitar und Gerhard Trumler gewesen sein, aus Österreichs Klosterwelt 26 auszuwählen und jedes auf vier Seiten vorzustellen. Brillante Bilder (davon jeweils ein ganzseitiges Foto), sachkundige Texte und flüssiger Erzählstil teilen der Leserin und dem Leser das Wissenswerte über jedes Kloster mit: Geschichte, Blütezeiten und Krisen, Kunst, Bau, Kultur, Wirtschaft, Bedeutung früher und jetzt. Im Serviceteil kann man praktische Informationen erfahren: Anschrift, Telefon und Fax, E-Mail, Internetadresse, Öffnungszeiten. - Als kurzgefasste Informationsquelle bestens geeignet.  *bn* Karl Heinz</marc:subfield>
   </marc:datafield>
   <marc:datafield ind1=" " ind2=" " tag="020">
      <marc:subfield code="a">9783222131707</marc:subfield>
      <marc:subfield code="9">9783222131707</marc:subfield>
   </marc:datafield>
   <marc:datafield ind1=" " ind2=" " tag="041">
      <marc:subfield code="a">ger</marc:subfield>
   </marc:datafield>
   <marc:datafield ind1=" " ind2=" " tag="300">
      <marc:subfield code="a">111 S. : zahlr. Ill.</marc:subfield>
   </marc:datafield>
</marc:record>
